Optica

Saved in:
Bibliografiske detaljer
Hovedforfatter: Hecht, Eugene (Author)
Format: Bog
Sprog:spansk
Udgivet: Madrid Addison Wesley 2000
Udgivelse:3a. ed
Fag:
Tags: Tilføj Tag
Ingen Tags, Vær først til at tagge denne postø!

MARC

LEADER 00000cam a2200000 a 4500
001 UCJ1195
003 CL-VaPUC
008 061006e20000000SP |||||||||||||||||spa|d
020 |a 8478290257 
082 0 4 |a 535  |b HEC  |2 21 
100 |a Hecht, Eugene  |e author  |9 565824 
245 1 0 |a Optica 
250 |a 3a. ed 
300 |a 708 p 
942 |c BK 
945 |d 20061006 00:00:00  |a cmena 
260 |a Madrid  |b Addison Wesley  |c 2000 
650 0 |a Optica   |9 263171 
650 0 |a Problemas, ejercicios, etc  |9 259377 
583 |a last modification  |c 20130117 02:24:15  |k Rodrigo Vera 
999 |c 317856  |d 317854 
952 |0 0  |1 0  |4 0  |6 535_000000000000000_HEC_2000  |7 0  |8 A  |9 394873  |a BIBCUR  |b BIBCUR  |d 2019-11-22  |i 428402K  |l 20  |m 6  |o 535 HEC 2000  |p 428402K  |r 2025-04-22  |s 2024-06-19  |w 2019-11-22  |y BK  |k TEM 
952 |0 0  |1 0  |4 0  |6 535_000000000000000_HEC_2000  |7 0  |8 A  |9 394874  |a BIBCUR  |b BIBCUR  |d 2019-11-22  |i 4284038  |l 10  |m 6  |o 535 HEC 2000  |p 4284038  |r 2025-04-22  |s 2024-04-26  |w 2019-11-22  |y BK  |k TEM 
952 |0 0  |1 0  |4 0  |6 535_000000000000000_HEC_2000  |7 0  |8 A  |9 394875  |a BIBCUR  |b BIBCUR  |d 2019-11-22  |i 4284046  |l 26  |m 11  |o 535 HEC 2000  |p 4284046  |r 2025-04-22  |s 2025-04-22  |w 2019-11-22  |y BK  |k TEM 
952 |0 0  |1 0  |4 0  |6 535_000000000000000_HEC_2000  |7 0  |8 A  |9 394876  |a BIBCUR  |b BIBCUR  |d 2019-11-22  |i 4284054  |l 23  |m 18  |o 535 HEC 2000  |p 4284054  |r 2025-04-22  |s 2024-06-05  |w 2019-11-22  |y BK  |k TEM 
952 |0 0  |1 0  |4 0  |6 535_000000000000000_HEC_2000  |7 0  |8 A  |9 394877  |a BIBCUR  |b BIBCUR  |d 2019-11-22  |i 4284062  |l 15  |m 14  |o 535 HEC 2000  |p 4284062  |r 2025-04-22  |s 2024-04-10  |w 2019-11-22  |y BK  |k TEM 
952 |0 0  |1 0  |4 0  |6 535_000000000000000_HEC_2000  |7 0  |8 A  |9 394878  |a BIBCUR  |b BIBCUR  |d 2019-11-22  |i 4284070  |l 6  |o 535 HEC 2000  |p 4284070  |r 2025-04-22  |s 2024-04-04  |w 2019-11-22  |y BK  |k TEM 
952 |0 0  |1 0  |4 0  |6 535_000000000000000_HEC_2000  |7 0  |8 A  |9 394879  |a BIBCUR  |b BIBCUR  |d 2019-11-22  |i 4284089  |l 30  |m 13  |o 535 HEC 2000  |p 4284089  |r 2025-04-22  |s 2024-06-12  |w 2019-11-22  |y BK  |k TEM 
952 |0 0  |1 0  |4 0  |6 535_000000000000000_HEC_2000  |7 0  |8 A  |9 394880  |a BIBCUR  |b BIBCUR  |d 2019-11-22  |i 4284097  |l 15  |m 13  |o 535 HEC 2000  |p 4284097  |r 2025-04-22  |s 2024-05-15  |w 2019-11-22  |y BK  |k TEM 
952 |0 0  |1 0  |4 0  |6 535_000000000000000_HEC_2000  |7 0  |8 A  |9 394881  |a BIBCUR  |b BIBCUR  |d 2019-11-22  |i 4284100  |l 22  |m 10  |o 535 HEC 2000  |p 4284100  |r 2025-04-22  |s 2024-06-21  |w 2019-11-22  |y BK  |k TEM 
952 |0 0  |1 0  |4 0  |6 535_000000000000000_HEC_2000  |7 0  |8 A  |9 394882  |a BIBCUR  |b BIBCUR  |d 2019-11-22  |i 4946782  |l 25  |m 16  |o 535 HEC 2000  |p 4946782  |r 2025-04-22  |s 2025-04-01  |w 2019-11-22  |y BK  |k FIS